[Event "Indywidualne Mistrzostwa Polski do lat 20"]
[Site "Pokrzywna"]
[Date "1899-12-30"]
[Round "7.3"]
[White "Pacan-milej, Kosma"]
[Black "Chylewski, Patryk"]
[Result "1/2-1/2"]
[WhiteTitle "FM"]
[BlackTitle "FM"]
[WhiteElo "2423"]
[BlackElo "2330"]

1. Nf3 d5 2. c4 e6 3. e3 Nf6 4. Nc3 b6 5. b3 Bb7 6. Bb2 Nbd7 7. cxd5 exd5 8. d4
Bd6 9. Bd3 O-O 10. O-O a6 11. Ne2 Re8 12. Ng3 g6 13. Rc1 Ng4 14. Re1 f5 15. Qc2
Rc8 16. Nxf5 gxf5 17. Bxf5 Ngf6 18. Ne5 Qe7 19. f4 Rcd8 20. Rf1 Ne4 21. Qe2 Ndf6
22. Rf3 Bc8 23. Bxc8 Rxc8 24. Rh3 Qe6 25. Rf1 Bf8 26. g4 Nd7 27. f5 Qd6 28. g5
Re7 29. f6 Ndxf6 30. gxf6 Nxf6 1/2-1/2

[Event "Indywidualne Mistrzostwa Polski do lat 20"]
[Site "Pokrzywna"]
[Date "1899-12-30"]
[Round "7.4"]
[White "Fus, Jakub"]
[Black "Klimkowski, Jan"]
[Result "1-0"]
[WhiteTitle "FM"]
[BlackTitle "FM"]
[WhiteElo "2401"]
[BlackElo "2305"]

1. d4 Nf6 2. c4 e6 3. Nf3 Bb4+ 4. Bd2 Qe7 5. Nc3 O-O 6. e3 b6 7. Bd3 Bb7 8. O-O
Bxc3 9. Bxc3 d6 10. Qc2 Nbd7 11. e4 e5 12. Rfe1 c5 13. d5 Nh5 14. g3 Bc8 15. Nh4
g6 16. Ng2 Ng7 17. f4 f6 18. a3 a5 19. f5 g5 20. Ne3 Kf7 21. Qe2 h5 22. Ra2 Bb7
23. Rea1 Nb8 24. Bd2 Na6 25. Bc2 Nc7 26. Ba4 Ra7 27. Nd1 Kg8 28. Nc3 Rfa8 29.
b3 Bc8 30. Bc6 Bb7 31. Be3 Bxc6 32. dxc6 Qe8 33. Nd5 Nxd5 34. cxd5 Qc8 35. b4
axb4 36. axb4 Rxa2 37. Rxa2 Rxa2 38. Qxa2 Ne8 39. Qa7 Qc7 40. Qxc7 Nxc7 41. bxc5
bxc5 42. Bxc5 1-0

[Event "Indywidualne Mistrzostwa Polski do lat 20"]
[Site "Pokrzywna"]
[Date "1899-12-30"]
[Round "7.5"]
[White "Godzwon, Iwo"]
[Black "Niedbala, Bartlomiej"]
[Result "0-1"]
[WhiteTitle "FM"]
[BlackTitle "FM"]
[WhiteElo "2347"]
[BlackElo "2348"]

1. e4 c6 2. d4 d5 3. e5 Bf5 4. Nd2 e6 5. Nb3 Nd7 6. Nf3 a6 7. Be3 c5 8. dxc5 Ne7
9. Bd4 Bg4 10. h3 Bxf3 11. Qxf3 Nc6 12. c3 Ndxe5 13. Qe3 Nxd4 14. cxd4 Nc6 15.
Be2 g6 16. O-O Bg7 17. f4 O-O 18. Rac1 b6 19. Qc3 Qf6 20. Rfd1 bxc5 21. Qxc5 Ne7
22. Qc7 Bh6 23. g3 Nf5 24. Kf2 Rfc8 25. Qxc8+ Rxc8 26. Rxc8+ Kg7 27. Rc3 a5 28.
a4 Kg8 29. Rc8+ Kg7 30. Rc3 g5 31. fxg5 Bxg5 32. Rf3 Qe7 33. g4 Nh4 34. Rc3 Qd6
35. Rh1 Qf4+ 36. Bf3 Be7 37. Rd3 Bd6 38. Rg1 Bc7 39. Nc1 Nxf3 40. Ne2 Qh2+ 41.
Rg2 Qxg2+ 0-1

[Event "Indywidualne Mistrzostwa Polski do lat 20"]
[Site "Pokrzywna"]
[Date "1899-12-30"]
[Round "7.6"]
[White "Kozak, Antoni"]
[Black "Chyzy, Jakub"]
[Result "1-0"]
[WhiteTitle "m"]
[BlackTitle "FM"]
[WhiteElo "2375"]
[BlackElo "2250"]

1. d4 Nf6 2. c4 e6 3. Nc3 d5 4. cxd5 exd5 5. Bg5 Be7 6. e3 c6 7. Bd3 Nbd7 8. Qc2
Nh5 9. Bxe7 Qxe7 10. Nge2 g6 11. O-O-O Nb6 12. Kb1 Ng7 13. Ng3 Be6 14. Rc1 O-O-O
15. Na4 Nxa4 16. Qxa4 Kb8 17. Rc3 Rc8 18. Rhc1 Rhd8 19. Ra3 b5 20. Qa5 Ne8 21.
Rac3 Rd6 22. a4 Qc7 23. Qxc7+ Nxc7 24. Rxc6 Rxc6 25. Rxc6 bxa4 26. Ne2 Na8 27.
Ra6 Nb6 28. Nc3 Bd7 29. Ra5 Bc6 30. Bb5 Bxb5 31. Rxb5 Rc4 32. Nxd5 Kb7 33. b3
axb3 34. Rxb3 Kc6 35. Nxb6 axb6 36. Kb2 Kb7 37. g4 h6 38. h3 f6 39. Rc3 Ra4 40.
Rc1 Ra5 41. Ra1 Rb5+ 42. Kc3 f5 43. f3 fxg4 44. fxg4 h5 45. e4 hxg4 46. hxg4 Rg5
47. d5 Rxg4 48. Kd4 Kc7 49. Ra7+ Kc8 50. d6 b5 51. Kd5 Rf4 52. e5 1-0

[Event "Indywidualne Mistrzostwa Polski do lat 20"]
[Site "Pokrzywna"]
[Date "1899-12-30"]
[Round "7.7"]
[White "Suder, Jakub"]
[Black "Psyk, Radoslaw"]
[Result "0-1"]
[WhiteTitle "k"]
[BlackTitle "k++"]
[WhiteElo "2239"]
[BlackElo "2375"]

1. d4 Nf6 2. c4 e6 3. Nc3 d5 4. cxd5 exd5 5. Bg5 c6 6. e3 Bd6 7. Bd3 Nbd7 8. Qc2
Nf8 9. Nge2 Ng6 10. O-O-O h6 11. Bxf6 Qxf6 12. Ng3 Nh4 13. f3 O-O 14. Kb1 Bb4
15. Rhg1 a5 16. Nh5 Qg5 17. Nf4 Nf5 18. Qf2 Re8 19. Bxf5 Bxf5+ 20. Ka1 Qe7 21.
g4 Bh7 22. Rge1 a4 23. Nd3 Ba5 24. f4 Bxd3 25. Rxd3 a3 26. Rb1 axb2+ 27. Qxb2
b5 28. Ne2 Qh4 29. Rc1 Qxg4 30. Rxc6 Qf3 31. Qc2 Bb4 32. Rb6 Rxe3 33. Rxe3 Qxe3
34. Rxb5 Be7 35. Rxd5 Bf6 36. Rc5 Qe6 37. Qc4 Qh3 38. Kb1 Re8 39. Rc7 Rb8+ 40.
Kc2 Qf5+ 41. Kc3 Bd8 42. Rc5 Ba5+ 43. Rxa5 Qxa5+ 44. Kd3 Qf5+ 45. Ke3 Qh3+ 46.
Ng3 Qxh2 47. Kf3 Ra8 48. a4 Qb2 49. Nf5 Qa3+ 50. Kg4 Qxa4 51. Qd5 Qd1+ 52. Kh4
Qe1+ 53. Kg4 Qe2+ 54. Kh4 Ra3 55. Ne7+ Qxe7+ 0-1

[Event "Indywidualne Mistrzostwa Polski do lat 20"]
[Site "Pokrzywna"]
[Date "1899-12-30"]
[Round "7.8"]
[White "Czernek, Tymon"]
[Black "Golecki, Jan"]
[Result "1-0"]
[WhiteTitle "FM"]
[BlackTitle "k"]
[WhiteElo "2359"]
[BlackElo "2162"]

1. e4 e5 2. Nf3 Nc6 3. Bc4 Bc5 4. O-O Nf6 5. d3 O-O 6. a4 a5 7. Bg5 d6 8. Nc3 h6
9. Bh4 g5 10. Nxg5 hxg5 11. Bxg5 Be6 12. Nd5 Bxd5 13. exd5 Nb8 14. Qf3 Kg7 15.
Rae1 Rg8 16. Re4 Nbd7 17. Bb5 Qc8 18. Rh4 Rh8 19. Bxf6+ Nxf6 20. Qg3+ Ng4 21.
Rxg4+ Kf8 22. c3 Qf5 23. h3 Rc8 24. Re1 Ba7 25. d4 c6 26. Bd3 Qf6 27. Re3 cxd5
28. Rf3 Qh6 29. Bg6 Rh7 30. Bxh7 Qxh7 31. Rg5 Bb8 32. Rgf5 Rc7 33. Qg5 Re7 34.
Rxf7+ Qxf7 35. Qh6+ Kg8 36. Rg3+ Qg7 37. Rxg7+ Rxg7 38. Qe6+ Kh7 39. Qxd5 Re7
40. g4 exd4 41. cxd4 Re4 1-0

[Event "Indywidualne Mistrzostwa Polski do lat 20"]
[Site "Pokrzywna"]
[Date "1899-12-30"]
[Round "7.9"]
[White "Luberanski, Jakub"]
[Black "Mis, Mieszko"]
[Result "0-1"]
[WhiteTitle "k"]
[BlackTitle "FM"]
[WhiteElo "2125"]
[BlackElo "2358"]

1. d4 Nf6 2. c4 e6 3. Nf3 d5 4. cxd5 exd5 5. Nc3 c6 6. Bg5 h6 7. Bh4 Bf5 8. Qb3
g5 9. Bg3 Qb6 10. e3 Qxb3 11. axb3 Nbd7 12. h4 g4 13. Ne5 Nh5 14. Nxd7 Kxd7 15.
Kd2 Nxg3 16. fxg3 Bd6 17. Bd3 Bxd3 18. Kxd3 Bxg3 19. e4 Ke6 20. Raf1 Rhf8 21.
Rf5 dxe4+ 22. Kxe4 Rad8 23. Ne2 Bc7 24. Rhf1 f6 25. Rh5 Kf7 26. Rxh6 Kg7 27. Rh5
Rfe8+ 28. Kd3 Be5 29. Kc3 Bd6 30. Kd3 c5 31. Rd5 cxd4 32. Nxd4 Kf7 33. Nf5 Be5
34. Rxd8 Rxd8+ 35. Kc2 g3 36. Rf3 Rh8 37. Rd3 Rh5 38. Nxg3 Rxh4 39. Nf5 Rh2 40.
Rd2 Kg6 41. Ne7+ Kg5 42. Nc8 a6 43. Nb6 Kg4 44. Nd7 Rh7 45. Nxe5+ fxe5 46. Rd8
Rg7 47. Kd3 Kf5 48. Rf8+ Ke6 49. Rf2 Kd5 50. Rd2 Rg3+ 51. Kc2+ Ke4 52. Re2+ Kf4
53. Rf2+ Ke3 54. Rd2 e4 55. Kd1 Kf4 56. Rf2+ Ke5 57. Kc2 b5 58. Re2 Kd4 59. Rd2+
Ke3 60. Kd1 Kf4 61. Rf2+ Ke5 62. Kc2 e3 63. Rf8 Rxg2+ 64. Kc3 Ke4 65. Re8+ Kf3
66. Kd3 Rd2+ 67. Kc3 Rd6 68. Rf8+ Ke2 69. Kb4 Kd2 70. Ka5 e2 71. Re8 e1=Q 72.
Rxe1 Kxe1 73. b4 Rd4 0-1

[Event "Indywidualne Mistrzostwa Polski do lat 20"]
[Site "Pokrzywna"]
[Date "1899-12-30"]
[Round "7.10"]
[White "Ochedzan, Tymon"]
[Black "Sowinski, Pawel"]
[Result "1-0"]
[WhiteTitle "CM"]
[BlackTitle "I++"]
[WhiteElo "2246"]
[BlackElo "1767"]

1. e4 e5 2. Nf3 Nc6 3. Bb5 a6 4. Ba4 Nf6 5. O-O b5 6. Bb3 Bc5 7. c3 d6 8. d4 Bb6
9. h3 h6 10. Be3 O-O 11. Nbd2 Re8 12. Re1 Na5 13. Bc2 Bb7 14. d5 c6 15. Bxb6 Qxb6
16. b4 Nc4 17. Nxc4 bxc4 18. dxc6 Bxc6 19. Qxd6 Rad8 20. Qc5 Qxc5 21. bxc5 Nd7
22. Rad1 f6 23. Rd6 Rc8 24. Nd2 Nxc5 25. Nxc4 Nb7 26. Bb3 Kf8 27. Rdd1 Bb5 28.
Nb6 Rxc3 29. Rc1 Rxc1 30. Rxc1 Nd6 31. f3 Rb8 32. Nd5 a5 33. Nc7 Ke7 34. Ne6 Ne8
35. Bd5 Bd7 36. Nc5 Nd6 37. Nxd7 Kxd7 38. Rc5 Rb1+ 39. Kh2 a4 40. Ra5 Nb5 41.
Rxa4 Rb2 42. Kg3 h5 43. h4 Ke7 44. Ra6 Nd4 45. Ra7+ Kd6 46. Rxg7 f5 47. Rb7 Rd2
48. Bf7 Ne2+ 49. Kf2 Nf4+ 50. Ke1 Rxg2 51. exf5 Rg3 52. Rb3 Ke7 53. Bc4 Kf6 54.
a4 Rg1+ 55. Bf1 Kxf5 56. a5 Rg7 57. a6 Rc7 58. Kd2 Rd7+ 59. Bd3+ Nxd3 60. Rxd3
Ra7 61. Ra3 Kf4 62. Ke2 Kg3 63. Ra4 e4 64. fxe4 Kxh4 65. Kf3 Kg5 66. Ra5+ Kg6
67. Kg3 Kh6 68. Kf4 Kg6 69. Ra1 Kf6 70. e5+ Kg6 71. Ra5 Rf7+ 72. Ke4 Rf8 73. a7
Ra8 74. Kd5 Kf5 75. Kc6 h4 76. Kb7 Rg8 77. a8=Q Rxa8 78. Rxa8 Kxe5 79. Rh8 h3
80. Rxh3 Kf4 81. Kc6 Kg4 82. Rd3 Kf4 83. Kd5 Kg4 84. Ke5 Kh4 85. Kf5 1-0

[Event "Indywidualne Mistrzostwa Polski do lat 20"]
[Site "Pokrzywna"]
[Date "1899-12-30"]
[Round "7.11"]
[White "Kowalski, Igor"]
[Black "Fiedorek, Michal"]
[Result "1-0"]
[WhiteTitle "FM"]
[BlackTitle "FM"]
[WhiteElo "2355"]
[BlackElo "2176"]

1. d4 Nf6 2. Nf3 e6 3. Bf4 d5 4. e3 Bd6 5. Bd3 O-O 6. Nbd2 b6 7. Qe2 Bb7 8. Ne5
c5 9. c3 Qc7 10. Bg3 Nbd7 11. f4 Ne4 12. Nxd7 Qxd7 13. Nxe4 dxe4 14. Bc4 Qc7 15.
O-O Rac8 16. Bb3 c4 17. Bc2 f5 18. Bh4 Bd5 19. g4 Kh8 20. g5 g6 21. Be1 Qg7 22.
h4 h5 23. gxh6 Qxh6 24. Kg2 Be7 25. Rh1 Kg7 26. Rh3 Rh8 27. Bg3 Kf7 28. Rah1 Rhg8
29. Kf1 b5 30. Bd1 a5 31. Qc2 Kg7 32. Be1 Kh7 33. Qg2 Rg7 34. Rg3 Rcg8 35. Rg5
Kh8 36. h5 Rh7 37. Bg3 e5 38. Rh2 exf4 39. exf4 Bxg5 40. fxg5 f4 41. gxh6 gxh5
42. Bxf4 1-0

[Event "Indywidualne Mistrzostwa Polski do lat 20"]
[Site "Pokrzywna"]
[Date "1899-12-30"]
[Round "7.12"]
[White "Dixa, Oskar"]
[Black "Karpus, Michal"]
[Result "1/2-1/2"]
[WhiteTitle "k"]
[BlackTitle "FM"]
[WhiteElo "2087"]
[BlackElo "2311"]

1. d4 Nf6 2. c4 e6 3. Nf3 d5 4. e3 c6 5. b3 Bd6 6. Bd3 O-O 7. O-O Nbd7 8. Bb2 Ne4
9. Nbd2 f5 10. Ne5 Qc7 11. f4 Ndf6 12. Ndf3 Bd7 13. Rc1 Be8 14. c5 Be7 15. b4
Kh8 16. a4 Rg8 17. b5 g5 18. bxc6 bxc6 19. Ra1 Bh5 20. a5 g4 21. Bxe4 Nxe4 22.
Ne1 Rab8 23. N1d3 Rb5 24. Qc2 a6 25. Rfb1 Rgb8 26. Ba3 Be8 27. Bb4 g3 28. h3 R8b7
29. Rb2 Qb8 30. Rab1 Bd8 31. Be1 1/2-1/2

[Event "Indywidualne Mistrzostwa Polski do lat 20"]
[Site "Pokrzywna"]
[Date "1899-12-30"]
[Round "7.13"]
[White "Baum, Jonasz"]
[Black "Jarzebowski, Kacper"]
[Result "1-0"]
[WhiteTitle "IM"]
[BlackTitle "k+"]
[WhiteElo "2308"]
[BlackElo "2107"]

1. d4 Nf6 2. c4 b6 3. Nc3 Bb7 4. Qc2 e6 5. e4 c5 6. d5 e5 7. f4 exf4 8. e5 Nh5
9. Nf3 d6 10. Qa4+ Qd7 11. Nb5 Kd8 12. Qd1 a6 13. Nxd6 Bxd6 14. exd6 Re8+ 15.
Be2 h6 16. O-O g5 17. Nxg5 hxg5 18. Bxh5 Qxd6 19. Bxf7 Re4 20. Qh5 Qf6 21. Qg6
Qxg6 22. Bxg6 Rxc4 23. b3 Rd4 24. Bb2 Rd2 25. Bf6+ Kc8 26. Rfd1 Rxd5 27. Rxd5
Bxd5 28. Rd1 Nd7 29. Bf5 Bc6 30. Bxg5 Ra7 31. Bxf4 Kd8 32. Rd6 Ba8 33. Bg5+ Ke8
34. Be6 Be4 35. Bxd7+ 1-0

[Event "Indywidualne Mistrzostwa Polski do lat 20"]
[Site "Pokrzywna"]
[Date "1899-12-30"]
[Round "7.14"]
[White "Seemann, Jakub"]
[Black "Dzwierzynski, Bartosz"]
[Result "1/2-1/2"]
[WhiteTitle "FM"]
[BlackTitle "I"]
[WhiteElo "2306"]
[BlackElo "1939"]

1. d4 Nf6 2. Nf3 g6 3. c4 Bg7 4. g3 O-O 5. Bg2 d5 6. cxd5 Nxd5 7. O-O Nb6 8. Nc3
c6 9. e3 N8d7 10. Qe2 e5 11. Nxe5 Nxe5 12. dxe5 Bxe5 13. e4 Be6 14. Rd1 Qe7 15.
Bh6 Rfd8 16. f4 Bh8 17. e5 f5 18. Bg5 Rxd1+ 19. Rxd1 Qf7 20. a4 Bg7 21. a5 Nc4
22. a6 Bf8 23. b3 Nb6 24. axb7 Qxb7 25. Qc2 Rb8 26. Nb5 Nd5 27. Nd4 Ne3 28. Qxc6
Qxc6 29. Bxc6 Nxd1 30. Nxe6 Nc3 31. Bd7 Nd5 32. Nd8 h6 33. Be6+ Kh7 34. Bxd5 hxg5
35. Ne6 gxf4 36. gxf4 Be7 37. Kg2 Rc8 38. Kf3 Rc3+ 39. Ke2 Rc2+ 40. Kd3 Rxh2 41.
Nd4 Kg7 42. Kc4 Kf8 43. Kb5 Rd2 44. Ne6+ Ke8 45. Kc6 Bb4 46. Nc7+ Ke7 47. Bc4
a5 48. Nd5+ Kd8 49. Kb5 Rd4 50. Kb6 Re4 51. Bd3 Rd4 52. Bc4 Bd2 53. Kc5 Re4 54.
Bd3 Bb4+ 55. Kb5 Re1 56. Bc4 Rg1 57. Bd3 Rg3 58. Kc4 Kd7 59. Nf6+ Kc6 60. Nd5
Rf3 61. Be2 Rf2 62. Bd3 Bc5 63. e6 Bb4 64. Kd4 Rd2 65. e7 Kd7 66. Ke3 Rxd3+ 67.
Kxd3 Bxe7 68. Nc3 Kc6 69. Kc4 Bb4 70. Ne2 Kd6 71. Kd4 Ke6 72. Nc1 Bd2 73. Ne2
Kf6 74. Kd3 Bb4 75. Ke3 Bc5+ 76. Kd3 g5 77. fxg5+ Kxg5 78. Nc1 Ba3 79. Ne2 Kg4
80. Nd4 Bc5 81. Nc6 Bb6 82. Ne5+ Kg3 83. Ke2 Kf4 84. Nc4 Bc7 85. Nd2 Ke5 86. Kd3
Kd5 87. Nf3 Bd8 88. Nd4 f4 89. Nf3 Bf6 90. Nd2 Be7 91. Nf3 Bb4 92. Nd4 Ke5 93.
Nf3+ Kf5 94. Nd4+ Kg4 95. Ke2 Kg3 96. Nf3 Bc3 97. Ng5 Kg4 98. Nf3 Bf6 99. Nh2+
Kf5 100. Kd3 Ke5 101. Ng4+ Kf5 102. Nh2 Ba1 103. Nf3 Bg7 104. Nh2 Ke5 105. Nf3+
Kd5 106. Nd2 Kc5 107. Nf3 Kb4 108. Kc2 1/2-1/2

[Event "Indywidualne Mistrzostwa Polski do lat 20"]
[Site "Pokrzywna"]
[Date "1899-12-30"]
[Round "7.17"]
[White "Warchol, Kamil"]
[Black "Redzisz, Michal"]
[Result "0-1"]
[WhiteTitle "CM"]
[BlackTitle "k"]
[WhiteElo "1755"]
[BlackElo "2212"]

1. e4 c6 2. d4 d5 3. Nd2 dxe4 4. Nxe4 Bf5 5. Ng3 Bg6 6. Nh3 e6 7. Nf4 Qh4 8. c3
Nf6 9. Nxg6 hxg6 10. Qf3 Bd6 11. Bd3 Nbd7 12. Ne4 Nxe4 13. Qxe4 Qxe4+ 14. Bxe4
Nf6 15. Bf3 O-O-O 16. g3 e5 17. dxe5 Bxe5 18. Be3 Kc7 19. O-O Nd5 20. Bxa7 b6
21. c4 Nb4 22. c5 bxc5 23. Bxc5 Nd3 24. Be3 Bxb2 25. Rab1 Bd4 26. Bxd4 Rxd4 27.
Rb3 Ne5 28. Bg2 Ra8 29. Re3 Kd6 30. Rfe1 Ra5 31. f4 Ng4 32. R3e2 c5 33. h3 Nf6
34. Re7 Rxa2 35. Rxf7 Rd3 36. Rb7 Rxg3 37. Rb6+ Kd7 38. Rd1+ Ke7 39. Re1+ Kf7
40. Rb7+ Kg8 41. Ree7 Rgxg2+ 42. Kf1 Rgf2+ 43. Ke1 Rh2 44. Rxg7+ Kh8 45. Rxg6
Ra1+ 0-1

[Event "Indywidualne Mistrzostwa Polski do lat 20"]
[Site "Pokrzywna"]
[Date "1899-12-30"]
[Round "7.18"]
[White "Kozlowski, Pawel"]
[Black "Trybus, Daniel"]
[Result "1/2-1/2"]
[WhiteTitle "I++"]
[BlackTitle "I++"]
[WhiteElo "1924"]
[BlackElo "2125"]

1. e4 Nf6 2. e5 Nd5 3. d4 g6 4. Nf3 Bg7 5. c4 Nb6 6. c5 Nd5 7. Bc4 e6 8. Bxd5 exd5
9. Nc3 c6 10. h4 b6 11. h5 bxc5 12. hxg6 fxg6 13. dxc5 Na6 14. Qd4 Qa5 15. Bh6
Bxh6 16. e6 O-O 17. Rxh6 dxe6 18. O-O-O Qb4 19. Qxb4 Nxb4 20. Rd4 a5 21. a3 Na6
22. Rdh4 Ra7 23. Ng5 Rxf2 24. Nxh7 Rg7 25. Ng5 Kf8 26. Rh8+ Rg8 27. R8h7 Ke8 28.
Ra7 Nxc5 29. Rhh7 Rgf8 30. Nd1 R2f5 31. Rhe7+ Kd8 32. Nf7+ R5xf7 33. Rxf7 Rh8
34. Ne3 e5 35. Rf6 Rh1+ 36. Kc2 Bd7 37. Rxg6 d4 38. Rg8+ Ke7 39. Ng4 Kd6 40. Rg6+
Kd5 41. Nf6+ Kc4 42. b3+ Nxb3 43. Nxd7 d3+ 44. Kb2 d2 45. Nxe5+ Kd5 46. Rd7+ Kxe5
47. Kxb3 d1=Q+ 48. Rxd1 Rxd1 49. Rxc6 Rd4 50. Rc5+ Ke6 51. Rg5 Re4 52. Rc5 a4+
53. Kc3 Rg4 54. Rc4 Rxg2 55. Kb4 Kd5 56. Rh4 Kc6 57. Kxa4 Kb6 58. Rh6+ Kb7 59.
Rh5 Kb6 60. Rb5+ Ka6 61. Rb4 Rg6 62. Rc4 Rb6 63. Rc8 Kb7 64. Rh8 Ka6 65. Rh7 Rb7
66. Rxb7 Kxb7 1/2-1/2

[Event "Indywidualne Mistrzostwa Polski do lat 20"]
[Site "Pokrzywna"]
[Date "1899-12-30"]
[Round "7.19"]
[White "Skurniak, Szymon"]
[Black "Panek, Bartosz"]
[Result "1/2-1/2"]
[WhiteTitle "k"]
[BlackTitle "I+"]
[WhiteElo "2117"]
[BlackElo "1981"]

1. c4 Nf6 2. Nc3 e6 3. g3 d5 4. Bg2 c5 5. cxd5 exd5 6. d4 Nc6 7. Nf3 cxd4 8. Nxd4
Bc5 9. Nb3 Bb6 10. Nxd5 Be6 11. Nc3 Qe7 12. O-O O-O 13. Bg5 Rfd8 14. Qc1 h6 15.
Bxf6 Qxf6 16. Qf4 Qxf4 17. gxf4 Nd4 18. Nxd4 Bxd4 19. Rfd1 Bxc3 20. bxc3 Rxd1+
21. Rxd1 Rc8 22. Bxb7 Rxc3 23. Rd8+ Kh7 24. Be4+ g6 25. Bd5 Bxd5 26. Rxd5 Ra3
27. Rd2 Kg7 28. f3 g5 29. fxg5 hxg5 30. Kf2 f5 31. Kg3 Kf6 32. Rc2 Ra4 33. Kf2
Ke5 34. Rc5+ Kf6 35. Rc6+ Kg7 36. Rc2 Kf6 37. e3 Ke5 38. Kg3 Ra3 39. Re2 Kf6 40.
h3 Ke5 41. Kf2 Ra4 42. Kg2 Ra5 43. Kg3 Ra3 44. e4 fxe4 45. Rxe4+ Kf5 46. Re2 Ra4
47. Rc2 Ra3 48. Rc5+ Kf6 49. Rc2 Kf5 50. Rc5+ Kf6 51. h4 gxh4+ 52. Kxh4 Rxa2 53.
Kg4 a5 54. Rc6+ Ke7 55. Kf5 a4 56. Ra6 a3 57. Ra7+ Ke8 58. Ke6 Re2+ 59. Kf6 a2
60. f4 Rd2 61. f5 Rd6+ 62. Ke5 Rd2 63. Ke6 Re2+ 64. Kf6 Rf2 65. Re7+ Kf8 66. Rf7+
Ke8 67. Ra7 Rg2 68. Ra8+ Kd7 69. Kf7 Rf2 70. f6 Rg2 71. Kf8 Rf2 72. f7 Rg2 73.
Ra7+ Kd8 74. Ra3 Rd2 75. Kg7 Rg2+ 76. Kf6 Rf2+ 77. Kg7 Rg2+ 78. Kf8 Rd2 79. Ra7
Rg2 80. Ra5 Rd2 81. Kg8 Rg2+ 82. Kh7 Rh2+ 83. Kg6 Rg2+ 84. Kf6 Rf2+ 85. Ke6 Re2+
86. Kd6 Rd2+ 87. Ke5 Re2+ 88. Kd4 Ke7 89. Ra7+ Kf8 90. Kd3 Rf2 91. Ke3 Rxf7 92.
Rxa2 1/2-1/2

[Event "Indywidualne Mistrzostwa Polski do lat 20"]
[Site "Pokrzywna"]
[Date "1899-12-30"]
[Round "7.20"]
[White "Majek, Kacper"]
[Black "Budzisz, Adrian"]
[Result "1-0"]
[WhiteTitle "I++"]
[BlackTitle "I+"]
[WhiteElo "2057"]
[BlackElo "1955"]

1. d4 Nf6 2. c4 g6 3. Nf3 Bg7 4. g3 O-O 5. Bg2 c5 6. O-O Nc6 7. Nc3 cxd4 8. Nxd4
Qa5 9. Nb3 Qh5 10. e4 d6 11. Qxh5 Nxh5 12. Be3 Be6 13. c5 a5 14. cxd6 exd6 15.
Rad1 Ne5 16. Nd4 Bc4 17. Rfe1 Nd3 18. Re2 Nb4 19. Red2 Nxa2 20. Nxa2 Bxa2 21.
g4 Bxd4 22. Rxd4 Nf6 23. h3 Bb3 24. R1d3 Bc2 25. Rd2 Rfc8 26. Bf4 Ne8 27. e5 dxe5
28. Bxe5 Bb3 29. Bxb7 Rc1+ 30. Kh2 Ra7 31. Rd8 f6 32. R2d7 Bf7 33. Rxe8+ Bxe8
34. Bd5+ Bf7 35. Bxf7+ Kg7 36. Rxa7 fxe5 37. Bd5+ Kf6 38. Kg2 1-0

[Event "Indywidualne Mistrzostwa Polski do lat 20"]
[Site "Pokrzywna"]
[Date "1899-12-30"]
[Round "7.21"]
[White "Szczurek, Krzysztof"]
[Black "Dziewonski, Dariusz"]
[Result "1/2-1/2"]
[WhiteTitle "FM"]
[BlackTitle "I++"]
[WhiteElo "2031"]
[BlackElo "1925"]

1. d4 d5 2. Nc3 Nf6 3. Bf4 c6 4. e3 Bf5 5. f3 e6 6. g4 Bg6 7. h4 h6 8. Bd3 Bxd3
9. Qxd3 Bd6 10. Nge2 Qc7 11. O-O-O Bxf4 12. Nxf4 Qe7 13. e4 dxe4 14. fxe4 Na6
15. g5 Nd7 16. g6 O-O 17. gxf7+ Qxf7 18. Rdf1 e5 19. Ng2 Qe7 20. d5 Nac5 21. Qg3
Rxf1+ 22. Rxf1 Rf8 23. Rxf8+ Qxf8 24. b4 Na6 25. a3 Qf1+ 26. Kb2 Nab8 27. Qg4
Kh7 28. h5 Qf6 29. dxc6 bxc6 30. Ne2 Qg5 31. Qf3 Nf6 32. Ng3 Nbd7 33. Kb3 Nb6
34. c4 Qc1 35. Qd3 Qg5 36. c5 Nbd7 37. Qf3 Qc1 38. Qd3 Qg5 39. Qf3 Qc1 1/2-1/2

[Event "Indywidualne Mistrzostwa Polski do lat 20"]
[Site "Pokrzywna"]
[Date "1899-12-30"]
[Round "7.22"]
[White "Meers, Hubert"]
[Black "Jedrusik, Adam"]
[Result "1/2-1/2"]
[WhiteTitle "k"]
[BlackTitle "I"]
[WhiteElo "1986"]
[BlackElo "1891"]

1. e4 c6 2. Nc3 g6 3. Nf3 Bg7 4. d4 d5 5. h3 dxe4 6. Nxe4 Nd7 7. Bd3 Ngf6 8. Ng3
c5 9. Be3 Nd5 10. O-O O-O 11. c3 Qc7 12. Qd2 Nxe3 13. Qxe3 e5 14. dxe5 Nxe5 15.
Nxe5 Qxe5 16. Qxe5 Bxe5 17. f4 Bc7 18. Ne4 Rd8 19. Bc4 h6 20. Rae1 Be6 21. Bxe6
fxe6 22. Nxc5 Bb6 23. b4 Kf7 24. Re5 Rac8 25. Rfe1 Bxc5+ 26. bxc5 Rc6 27. R1e4
Ra6 28. a4 Rc6 29. Rb4 Rd7 30. Kf2 Kf6 31. Ke3 g5 32. g3 gxf4+ 33. Kxf4 Rd1 34.
Rbe4 Rd3 35. Rb4 Rd1 36. Rh5 Kg6 37. g4 b6 38. cxb6 axb6 39. Rhb5 Rxc3 40. Rxb6
Rf1+ 41. Ke4 Re1+ 42. Kd4 Rxh3 43. a5 Rg3 44. a6 Rxg4+ 45. Kc5 Rc1+ 46. Kd6 Rxb4
47. Rxb4 Ra1 48. Rb6 h5 49. Kxe6 h4 50. Kd7+ Kg5 51. Kc7 h3 52. Rb3 Rxa6 53. Rxh3
Ra7+ 54. Kb6 Re7 55. Rg3+ 1/2-1/2

[Event "Indywidualne Mistrzostwa Polski do lat 20"]
[Site "Pokrzywna"]
[Date "1899-12-30"]
[Round "7.23"]
[White "Klim, Filip"]
[Black "Krawczyk, Flawian"]
[Result "0-1"]
[WhiteTitle "I++"]
[BlackTitle "I"]
[WhiteElo "1897"]
[BlackElo "2073"]

1. e4 c5 2. Nf3 Nc6 3. d4 cxd4 4. Nxd4 g6 5. c4 Nf6 6. Nc3 d6 7. Be2 Nxd4 8. Qxd4
Bg7 9. Bg5 O-O 10. Qd2 a5 11. Rd1 Be6 12. b3 a4 13. e5 dxe5 14. Qxd8 Rfxd8 15.
Rxd8+ Rxd8 16. Nxa4 Ra8 17. f3 e4 18. Bxf6 Bxf6 19. fxe4 Bd4 20. Kd2 Bd7 21. Nc3
Bxc3+ 22. Kxc3 Rxa2 23. Bf3 e5 24. Rd1 Bc6 25. Rd2 Rxd2 26. Kxd2 f5 27. Kd3 f4
28. c5 Kf8 29. Kc4 Ke7 30. b4 b5+ 31. cxb6 Kd6 32. g3 fxg3 33. hxg3 h5 34. Bg2
g5 35. Bf3 h4 36. g4 h3 37. Bh1 h2 38. Bf3 Bd7 39. b7 Be6+ 40. Kd3 Kc7 41. Ke3
Bxg4 42. Bh1 Kxb7 43. Kf2 Kb6 44. Kg3 Be6 45. Kxh2 Kb5 46. Kg3 Kxb4 47. Kf3 Kc3
48. Ke3 Bh3 49. Kf3 g4+ 50. Ke3 Kc4 51. Ke2 Kd4 52. Kf2 Kd3 53. Kg3 Ke3 54. Kh2
Kf4 55. Kg1 g3 56. Bf3 Kxf3 57. Kh1 g2+ 0-1

[Event "Indywidualne Mistrzostwa Polski do lat 20"]
[Site "Pokrzywna"]
[Date "1899-12-30"]
[Round "7.24"]
[White "Starosciak, Szymon"]
[Black "Kazmierowski, Tymon"]
[Result "1-0"]
[WhiteTitle "I"]
[BlackTitle "I+"]
[WhiteElo "1864"]
[BlackElo "1996"]

1. e4 c5 2. Nf3 d6 3. d4 cxd4 4. Nxd4 Nf6 5. Nc3 a6 6. f3 e5 7. Nb3 Be6 8. Be3
Be7 9. Qd2 O-O 10. O-O-O Nbd7 11. g4 b5 12. g5 b4 13. Ne2 Ne8 14. f4 a5 15. f5
a4 16. fxe6 axb3 17. cxb3 fxe6 18. Bh3 Rxa2 19. Bxe6+ Kh8 20. Ng3 Ra1+ 21. Kc2
Qc7+ 22. Bc4 Rxd1 23. Rxd1 Nc5 24. Qd5 Qb7 25. Qxb7 Nxb7 26. Ra1 Nc5 27. Nf5 Bd8
28. Bxc5 dxc5 29. Ra8 Nc7 30. Rc8 g6 31. Nd6 Kg7 32. Nf7 Be7 33. Rxc7 Rxf7 34.
Bxf7 Kxf7 35. h4 Kf8 36. Kd3 1-0

[Event "Indywidualne Mistrzostwa Polski do lat 20"]
[Site "Pokrzywna"]
[Date "1899-12-30"]
[Round "7.25"]
[White "Janeczko, Jakub"]
[Black "Zabron, Maksym"]
[Result "1/2-1/2"]
[WhiteTitle "I++"]
[BlackTitle "I++"]
[WhiteElo "1980"]
[BlackElo "1932"]

1. e4 c5 2. d3 Nc6 3. g3 g6 4. Bg2 Bg7 5. f4 e6 6. Nf3 Nge7 7. O-O O-O 8. c3 d5
9. Na3 b6 10. e5 Ba6 11. Nc2 Qc7 12. Be3 Rad8 13. Bf2 f6 14. exf6 Bxf6 15. Re1
e5 16. fxe5 Nxe5 17. Nxe5 Bxe5 18. Qd2 Rf7 19. Re2 Bg7 20. Rae1 Bc8 21. Qg5 Bf6
22. Qc1 Bg4 23. Rd2 d4 24. cxd4 cxd4 25. h3 Bf5 26. g4 Bc8 27. Rde2 Ba6 28. Nb4
Qxc1 29. Rxc1 Bb5 30. Re6 Bd7 31. Rxf6 Rxf6 32. Bh4 Kg7 33. Rc7 a5 34. Nd5 Nxd5
35. Bxd5 Rd6 36. Bb7 Rb8 37. Ba6 Kf8 38. Bg3 Ke7 39. Bb5 Rd8 40. Bxd6+ Kxd6 41.
Rxd7+ Rxd7 42. Bxd7 Kxd7 43. Kf2 Ke6 44. Kf3 Ke5 45. g5 Kf5 46. h4 b5 47. b3 b4
48. Kg3 Ke5 49. Kg4 Ke6 50. Kf4 Kd5 51. Kf3 Ke5 52. Kg4 Ke6 53. Kf3 Kf5 54. Kg3
Ke5 55. Kg4 Ke6 56. Kf4 Kd5 1/2-1/2

[Event "Indywidualne Mistrzostwa Polski do lat 20"]
[Site "Pokrzywna"]
[Date "1899-12-30"]
[Round "7.26"]
[White "Karut, Kacper"]
[Black "Kaliszuk, Kamil"]
[Result "0-1"]
[WhiteTitle "I"]
[BlackTitle "I+"]
[WhiteElo "1607"]
[BlackElo "1961"]

1. e4 c6 2. d4 d5 3. Nc3 dxe4 4. Nxe4 Nf6 5. Nxf6+ exf6 6. Nf3 Bd6 7. Be3 O-O 8.
Qd2 Re8 9. Be2 Nd7 10. O-O Nf8 11. c4 Bg4 12. Rac1 Bc7 13. c5 Qd7 14. Rfd1 Rad8
15. b4 f5 16. Qb2 f4 17. Ne5 Bxe5 18. dxe5 Qf5 19. Bxg4 Qxg4 20. f3 Qf5 21. Rxd8
Rxd8 22. Bd4 Qd3 23. Bf2 Ne6 24. Re1 h5 25. h4 Qd2 26. Re2 Qxb2 27. Rxb2 a6 28.
a4 Rd1+ 29. Kh2 Nc7 30. g3 fxg3+ 31. Kxg3 Kf8 32. Rb3 Ke7 33. Kf4 Ra1 34. a5 Ra2
35. Bg3 Rg2 36. Be1 Nd5+ 37. Ke4 Re2+ 0-1